Quizzes
Events
Quiz Creation
Community
Videos
Private Events
Remove Ads
Sign In
Join for FREE
Feedback
Dark Mode
Quiz Categories
Sports
Geography
Music
Movies
Television
Just For Fun
Miscellaneous
History
Literature
Language
Science
Gaming
Entertainment
Religion
Holiday
For Kids
Quiz Lab
Recent
Popular Today
Quiz Kudos Today
Editor Picks
Curator Picks
Quizzes by...
Day
Popularity
Type
Ratings
Length
Year
Community
Subscriptions
Recent Discussions
Orange Saloon
Badges
Playlists
Quests
Create
Leaderboards
Showdown
Live 5
Trivia Bingo
Activity
Puzzle Library
Sporcle Events
Private Events
Virtual Trivia
Globe League
Become a Host
Pub Owners
SporcleCon
Opinionation
Our Games
Videos
Blog
Mobile Apps
Partnerships
Remove Ads and Go Orange
Feedback
Sports
Athletes
MLB
NBA
NHL
NFL
Soccer
Sports Teams
WWE
NCAA
Football
Premier League
Basketball
Baseball
Hockey
Golf
Tennis
Cricket
Rugby
Auto Racing
Olympics
World Cup
Sports
Athletes
MLB
NBA
NHL
NFL
Soccer
Sports Teams
WWE
NCAA
Football
Premier League
Basketball
Baseball
Hockey
Golf
Tennis
Cricket
Rugby
Auto Racing
Olympics
World Cup
Random Quiz
Search Sporcle
×
Quiz Lab
Quiz Lab
Sports
MLB
Type in answers that appear in a list
Type in answers that appear in a list
Classic
Best Score? Go Orange.
NL Stolen Base Champions Since 1960 Stats
Can you name the NL Stolen Base Champions Since 1960?
By
RKOLEGACY0
15m
57 Questions
326 Plays
326 Plays
326 Plays
Comments
Comments
Give Quiz Kudos
Give Quiz Kudos
-
- Ratings
hide this ad
Replay
Link that replays current quiz
Next Quiz
Link to next quiz in quiz playlist
You Got
0%
They Got
Avg Score
59%
Avg Friend Score
Upgrade to see
Score Distribution
Jump to the score distribution portion of the page
Score
0/57
Timer
15:00
0
Plays Today
Year
Player
% Correct
1966
Lou Brock
91.7%
1967
Lou Brock
91.7%
1968
Lou Brock
91.7%
1969
Lou Brock
91.7%
1971
Lou Brock
91.7%
1972
Lou Brock
91.7%
1973
Lou Brock
91.7%
1974
Lou Brock
91.7%
1985
Vince Coleman
88%
1986
Vince Coleman
88%
1987
Vince Coleman
88%
1988
Vince Coleman
88%
1989
Vince Coleman
88%
1990
Vince Coleman
88%
1960
Maury Wills
83.4%
1961
Maury Wills
83.4%
1962
Maury Wills
83.4%
1963
Maury Wills
83.4%
1964
Maury Wills
83.4%
1965
Maury Wills
83.4%
1981
Tim Raines
78.2%
1982
Tim Raines
78.2%
1983
Tim Raines
78.2%
1984
Tim Raines
78.2%
2005
Jose Reyes
66%
2006
Jose Reyes
66%
2007
Jose Reyes
66%
2001
Juan Pierre
60.1%
2003
Juan Pierre
60.1%
Year
Player
% Correct
1978
Omar Moreno
53.1%
1979
Omar Moreno
53.1%
1975
Davey Lopes
51.2%
1976
Davey Lopes
51.2%
2001
Jimmy Rollins
47.5%
1991
Marquis Grissom
43.6%
1992
Marquis Grissom
43.6%
2009
Michael Bourn
43.3%
2010
Michael Bourn
43.3%
1977
Frank Taveras
42.6%
2008
Willy Taveras
42.6%
1980
Ron LeFlore
42%
2013
Eric Young, Jr.
42%
2000
Luis Castillo
40.2%
2002
Luis Castillo
40.2%
2015
Dee Gordon
38.9%
2014
Dee Gordon
37.3%
1994
Craig Biggio
36.5%
2011
Michael Bourn
32.9%
1996
Eric Young
32.2%
1997
Tony Womack
30.1%
1998
Tony Womack
30.1%
1999
Tony Womack
30.1%
2004
Scott Podsednik
29.8%
1970
Bobby Tolan
21.8%
2012
Everth Cabrera
17.8%
1993
Chuck Carr
13.2%
1995
Quilvio Veras
10.1%
Quiz Playlist
Details
Report
Send in Message
Add To Playlist
Classic:
Type in answers that appear in a list
Last Updated: Feb 16, 2017
Quiz Scoreboard
CHALLENGE
Sign Up to Join the Scoreboard
Show All
Scores
Hide
Comments
May contain spoilers
Recently Published
9x9 Crossword: Cartoon Network
by jackfrog10
Miscellaneous
3m
College Basketball Coaching Resumes
by pancakes188
Sports
9m
Billboard Blitz: Fleetwood Mac
by CooCooCachoo
Music
15s
More to Explore
Quiz From the Vault
Featured Blog Post
Where Did the Easter Bunny Come From?
hide this ad
You Might Also Like...
Tags
Baseball Quiz
MLB Quiz
1960
1960s
base
champion
Player
stolen
Today's Top Quizzes in Sports
Browse Sports
hide this ad
Today's Top Quizzes in MLB
Browse MLB
Top Contributed Quizzes in Sports
1
2022 World Cup Stars
2
Les meilleurs buteurs des matchs entre le PSG et l’OM
3
FIFA Club World Cup Champions
4
Les entraîneurs de l'OM et du PSG au 21e siècle
5
Criteria MLB: Left Handed Sluggers
6
AFC Teams Reveal (Wrong Answers Minefield)
7
2023 MLB Unique Player Accomplishments
8
5-to-1: FBS Animal Nicknames
9
Players with Multiple 50 Home Run Seasons
10
5-to-1: UK Sports Teams
Explore More
Trending Topics
Disney
Kpop
Anime
NBA
Marvel
Crossword
Harry Potter
Soccer
Pokémon
Song
WWE
Puzzle
The Office
NFL
Country
hide this ad
More By:
RKOLEGACY0
Quiz
Plays
Rating
Category
Featured
Created
D-Generation X Members
81,677
3.98
Sports
Sep 13, 2012
Edge WWE PPV Opponents
13,884
4.32
Sports
Nov 10, 2011
Wrestlers with the most WWE PPV Matches
11,236
4.23
Sports
Jan 8, 2012
History of the WWE Championship
5,924
4.50
Sports
Feb 9, 2012
MLB Top 100 Hitters of All Time
5,909
4.56
Sports
May 10, 2013
Go to Creator's Profile
Score Distribution
Quiz Creator Spotlight
RKOLEGACY0
Follow
Send a Message
Quizzes Created
-
Created Quiz Play Count
-
More By This Creator
Popular Quizzes Today
1
Find the US States - No Outlines Minefield
2
Find the Countries of Europe - No Outlines Minefield
3
The Countries of the World
4
Find the US States
5
Risky Map Clicking: Biggest States A-Z
6
US States
7
Popular People in 1961
8
Movies - When Are They Set?
More Sports Quizzes
NBA Teams by Division Blitz
Published
Trending Quizzes
Risky Map Clicking: Least Populous States A-Z
1-10 Letter G Words
1-10 Letter F Words
Risky Map Clicking: Next State Alphabetically
Adjectives in 80s TV Shows
Recently Updated
Leaping Animals
pecheneg
Reality TV Shows (A-Z)
bhenderson79
Rickey Henderson's Hall of Fame Teammates
pecheneg
Champions League XIs: Arsenal
pecheneg
Quick Pick: Celebrities in WWE's Hall of Fame
aduchscher
A-Z Keypad Blitz II
pecheneg
Multiple Oscar Actors
pecheneg
Mystery Phrase Blitz: Oscar 'Best Actors'
pecheneg
F. Scott Fitzgerald Novels
LTH
Pick 3 Villains
ddd62291
Trending Topics
NBA
Disney
Marvel
Crossword
Anime
Kpop
Harry Potter
Pokémon
Puzzle
The Office
NFL
WWE
Country
Song
Soccer
Your Account Isn't Verified!
In order to create a playlist on Sporcle, you need to verify the email address you used during registration. Go to your
Sporcle Settings
to finish the process.
Report this User
Report this user for behavior that violates our
Community Guidelines
.
Details:
Send Report
Go to the Sporcle.com Mobile Site →
Comments